[Event "ESP-ch FEDC 28th"]
[Site "Ubeda"]
[Date "2019.11.23"]
[Round "5"]
[White "Juanes Paniagua, Alberto"]
[Black "Mondelo Fidalgo, Antonio"]
[Result "0-1"]
[WhiteElo "1317"]
[BlackElo "1679"]
[PlyCount "77"]
[EventDate "2019.11.19"]
[EventType "swiss"]
[EventRounds "8"]
[EventCountry "ESP"]
[SourceTitle "EXT 2024"]
[Source "ChessBase"]
[SourceDate "2023.10.10"]
[SourceVersion "1"]
[SourceVersionDate "2023.10.10"]
[SourceQuality "1"]

1. d4 e6 2. c4 Nf6 3. Nf3 d5 4. g3 c6 5. Qc2 Bb4+ 6. Bd2 Bd6 7. Bg2 Nbd7 8. 0-0 0-0 9. a3 b6 10. cxd5 cxd5 11. Nc3 Ba6 12. Rfe1 Rc8 13. Qa4 Nb8 14. Rac1 Rc4 15. Qd1 Rc8 16. h4 Bb7 17. b4 Nc6 18. Qb3 Qe7 19. Nb5 Bb8 20. Rc2 a6 21. Nc3 b5 22. Qb1 Ba7 23. e3 Rc7 24. Rec1 Rfc8 25. Be1 Nb8 26. Ne5 Nbd7 27. Nd3 Nb6 28. Nc5 Nc4 29. Ra2 Bxc5 30. bxc5 e5 31. Bh3 Re8 32. Qb4 exd4 33. exd4 Qd8 34. Re2 Rce7 35. Rxe7 Rxe7 36. Bg2 Qe8 37. Kf1 Rxe1+ 38. Rxe1 Nd2+ 39. Kg1 0-1

[Event "ESP-ch FEDC 28th"]
[Site "Ubeda"]
[Date "2019.11.21"]
[Round "3"]
[White "Juanes Paniagua, Alberto"]
[Black "Miramon Borragan, Gustavo"]
[Result "1-0"]
[WhiteElo "1317"]
[BlackElo "1560"]
[PlyCount "103"]
[EventDate "2019.11.19"]
[EventType "swiss"]
[EventRounds "8"]
[EventCountry "ESP"]
[SourceTitle "EXT 2024"]
[Source "ChessBase"]
[SourceDate "2023.10.10"]
[SourceVersion "1"]
[SourceVersionDate "2023.10.10"]
[SourceQuality "1"]

1. d4 Nf6 2. c4 c5 3. Nf3 cxd4 4. Nxd4 g6 5. g3 Bg7 6. Bg2 0-0 7. 0-0 Nc6 8. Nf3 Qb6 9. Nc3 d6 10. a3 Be6 11. Na4 Qc7 12. Qc2 Nd7 13. Bg5 Rac8 14. Rac1 Rfe8 15. Qd2 Qa5 16. b3 Qxd2 17. Bxd2 b6 18. Bc3 Nc5 19. Nxc5 dxc5 20. Bxg7 Kxg7 21. e3 f6 22. Rfd1 Red8 23. Ne1 Na5 24. Bd5 Bxd5 25. Rxd5 Rxd5 26. cxd5 Nxb3 27. Rd1 Rd8 28. Nc2 Kf7 29. Kg2 Na5 30. e4 Nc4 31. f4 a6 32. Kf3 b5 33. g4 a5 34. Ke2 b4 35. axb4 axb4 36. Rc1 Rc8 37. Na1 Nd6 38. e5 Nb5 39. Kd3 fxe5 40. fxe5 Ke8 41. Nb3 Nc3 42. Kc4 Na2 43. Rc2 Nc3 44. Nxc5 b3 45. Rxc3 Ra8 46. Rxb3 Ra2 47. h4 Rg2 48. d6 Rxg4+ 49. Kd5 exd6 50. exd6 Rg2 51. Kc6 Rc2 52. d7+ 1-0

[Event "ESP-ch FEDC 28th"]
[Site "Ubeda"]
[Date "2019.11.20"]
[Round "2"]
[White "Fernandez Coya, Jose Luis"]
[Black "Juanes Paniagua, Alberto"]
[Result "1/2-1/2"]
[WhiteElo "1599"]
[BlackElo "1317"]
[PlyCount "64"]
[EventDate "2019.11.19"]
[EventType "swiss"]
[EventRounds "8"]
[EventCountry "ESP"]
[SourceTitle "EXT 2024"]
[Source "ChessBase"]
[SourceDate "2023.10.10"]
[SourceVersion "1"]
[SourceVersionDate "2023.10.10"]
[SourceQuality "1"]

1. d4 d5 2. Bf4 e6 3. e3 a6 4. Nd2 c5 5. c3 cxd4 6. exd4 Bd6 7. Bg3 Bxg3 8. hxg3 h6 9. Ngf3 Nc6 10. Bd3 Nf6 11. Qe2 0-0 12. Ne5 Qc7 13. f4 b5 14. a3 Bb7 15. Ndf3 Rfe8 16. g4 Nxe5 17. fxe5 Ne4 18. Rh3 Rac8 19. Rc1 Qa5 20. Bxe4 dxe4 21. Nd2 Red8 22. Qe3 Qa4 23. Rd1 Qc2 24. Rb1 a5 25. Qe2 b4 26. axb4 axb4 27. Qd1 Qxd1+ 28. Rxd1 bxc3 29. bxc3 Rd7 30. Re3 Bd5 31. Rc1 Rdc7 32. g3 Kh7 1/2-1/2

[Event "ESP-ch FEDC 26th"]
[Site "Ciudad Real"]
[Date "2017.11.14"]
[Round "3.23"]
[White "Espadina Solano, Jaime E"]
[Black "Juanes Paniagua, Alberto"]
[Result "1-0"]
[WhiteElo "1680"]
[BlackElo "1309"]
[PlyCount "85"]
[EventDate "2017.11.12"]
[EventType "swiss"]
[EventRounds "8"]
[EventCountry "ESP"]
[SourceTitle "EXT 2024"]
[Source "ChessBase"]
[SourceDate "2023.10.10"]
[SourceVersion "1"]
[SourceVersionDate "2023.10.10"]
[SourceQuality "1"]

1. e4 Nf6 2. e5 Nd5 3. d4 d6 4. c4 Nb6 5. exd6 cxd6 6. Nc3 g6 7. h3 Bg7 8. Nf3 0-0 9. Be2 Bf5 10. 0-0 Nc6 11. Be3 Rc8 12. g4 Bd7 13. c5 dxc5 14. dxc5 Na8 15. Qd2 f5 16. Bc4+ Kh8 17. g5 e5 18. Rad1 Rc7 19. Qd6 e4 20. Nb5 exf3 21. Nxc7 Nxc7 22. Qxd7 Bxb2 23. Qxd8 Nxd8 24. Rd7 Be5 25. Rfd1 Nde6 26. Bxe6 Nxe6 27. Re7 Rd8 28. Rxd8+ Nxd8 29. Rxe5 Nc6 30. Re8+ Kg7 31. Bc1 Kf7 32. Rh8 Ke6 33. Rxh7 Nd4 34. Bb2 Ne2+ 35. Kf1 Nf4 36. Rxb7 Nxh3 37. c6 Nxg5 38. c7 Kd7 39. Be5 Ne6 40. Rxa7 g5 41. Ra8 Nxc7 42. Bxc7 Kxc7 43. Ra5 1-0

[Event "Almunecar FEDC op 19th"]
[Site "Almunecar"]
[Date "2017.10.06"]
[Round "7.19"]
[White "Juanes Paniagua, Alberto"]
[Black "Linares Vernet, Ana"]
[Result "1-0"]
[WhiteElo "1324"]
[BlackElo "1043"]
[PlyCount "73"]
[EventDate "2017.09.30"]
[EventType "swiss"]
[EventRounds "7"]
[EventCountry "ESP"]
[SourceTitle "EXT 2024"]
[Source "ChessBase"]
[SourceDate "2023.10.10"]
[SourceVersion "1"]
[SourceVersionDate "2023.10.10"]
[SourceQuality "1"]

1. d4 e6 2. c4 Nf6 3. Bf4 c5 4. Nf3 cxd4 5. Nxd4 Nc6 6. Nb5 a6 7. Nc7+ Qxc7 8. Bxc7 Ne4 9. a3 Bc5 10. e3 0-0 11. Qc2 Nf6 12. b4 Ba7 13. c5 Ne7 14. Bd6 Re8 15. Bd3 Bb8 16. Nd2 Nc6 17. Ne4 Nxe4 18. Bxe4 Bxd6 19. Bxh7+ Kf8 20. cxd6 Ne5 21. Qc5 Ng4 22. Be4 Nf6 23. Bf3 e5 24. 0-0-0 e4 25. Bh5 Nxh5 26. Qxh5 Kg8 27. Rd5 Re6 28. Rhd1 b5 29. Re5 Rxe5 30. Qxe5 Bb7 31. Kb2 Bc6 32. Rc1 a5 33. Rxc6 dxc6 34. Qxe4 axb4 35. axb4 Rc8 36. d7 Rd8 37. Qe7 1-0

[Event "Almunecar FEDC op 19th"]
[Site "Almunecar"]
[Date "2017.10.04"]
[Round "5.16"]
[White "Gonzalez Quijano, Leopoldo"]
[Black "Juanes Paniagua, Alberto"]
[Result "1-0"]
[WhiteElo "1520"]
[BlackElo "1324"]
[PlyCount "117"]
[EventDate "2017.09.30"]
[EventType "swiss"]
[EventRounds "7"]
[EventCountry "ESP"]
[SourceTitle "EXT 2024"]
[Source "ChessBase"]
[SourceDate "2023.10.10"]
[SourceVersion "1"]
[SourceVersionDate "2023.10.10"]
[SourceQuality "1"]

1. c4 e5 2. Nc3 Nf6 3. g3 d5 4. cxd5 Nxd5 5. Bg2 Nb6 6. Nf3 Nc6 7. 0-0 Bf5 8. e3 Qd7 9. Re1 0-0-0 10. a3 Be7 11. e4 Bg6 12. Ne2 Qd3 13. Nc3 f6 14. Re3 Qd7 15. Qf1 Bc5 16. Re1 Qd3 17. Qxd3 Rxd3 18. b4 Bd4 19. Nxd4 Nxd4 20. Re3 Rxe3 21. dxe3 Rd8 22. exd4 exd4 23. Nb5 d3 24. Bb2 Bf7 25. f3 d2 26. Nd4 Bb3 27. Nxb3 d1Q+ 28. Rxd1 Rxd1+ 29. Kf2 Rb1 30. Bh3+ Kb8 31. Bxf6 gxf6 32. Be6 Rb2+ 33. Kg1 Na4 34. Nd4 Rb1+ 35. Kg2 c5 36. bxc5 Nxc5 37. Bf5 h6 38. Kh3 Ra1 39. Nc2 Ra2 40. g4 Rxc2 41. e5 fxe5 42. Bxc2 Ne6 43. Kg3 a5 44. a4 Kc7 45. h4 b5 46. axb5 Nd4 47. g5 hxg5 48. h5 Ne6 49. h6 Nf8 50. h7 Nxh7 51. Bxh7 a4 52. Kg4 Kb6 53. Bg8 a3 54. Kxg5 Kc5 55. Kf5 Kd6 56. Ba2 Kc5 57. Kxe5 Kxb5 58. f4 Kc6 59. Ke6 1-0

[Event "Benidorm FEDC op 16th"]
[Site "Benidorm"]
[Date "2016.06.14"]
[Round "3.15"]
[White "Juanes Paniagua, Alberto"]
[Black "Gonzalez Quijano, Leopoldo"]
[Result "0-1"]
[WhiteElo "1324"]
[BlackElo "1525"]
[PlyCount "68"]
[EventDate "2016.06.12"]
[EventType "swiss"]
[EventRounds "7"]
[EventCountry "ESP"]
[SourceTitle "EXT 2024"]
[Source "ChessBase"]
[SourceDate "2023.10.10"]
[SourceVersion "1"]
[SourceVersionDate "2023.10.10"]
[SourceQuality "1"]

1. d4 Nf6 2. c4 e6 3. Nf3 Bb4+ 4. Bd2 Qe7 5. Qc2 c5 6. e3 cxd4 7. exd4 Nc6 8. Nc3 d5 9. Bd3 Ba5 10. 0-0 Nb4 11. Qa4+ Bd7 12. Qxa5 Nxd3 13. c5 Nxb2 14. Ne5 0-0 15. Rab1 b6 16. Qb4 Nc4 17. Nxc4 dxc4 18. Qxc4 Rac8 19. Nb5 Ne4 20. Bb4 a5 21. c6 axb4 22. Rfd1 Rxc6 23. Qd3 Nc3 24. Nxc3 Rxc3 25. Qa6 Qd6 26. Qe2 Rfc8 27. g3 Rc2 28. Qe4 Qd5 29. Qxd5 exd5 30. Rxb4 Bh3 31. f4 g6 32. Rxb6 Rxa2 33. Rd6 Rcc2 34. Rxd5 Rg2+ 0-1

[Event "Benidorm Ciegos-ch 15th"]
[Site "Benidorm"]
[Date "2015.06.07"]
[Round "1"]
[White "Juanes Paniagua, Alberto"]
[Black "Sanz Garcia, Ramon"]
[Result "1/2-1/2"]
[WhiteElo "1310"]
[BlackElo "1763"]
[PlyCount "34"]
[EventDate "2015.06.07"]
[EventType "swiss"]
[EventRounds "7"]
[EventCountry "ESP"]
[SourceTitle "CBM 167 Extra"]
[Source "ChessBase"]
[SourceDate "2015.09.14"]
[SourceVersion "1"]
[SourceVersionDate "2015.09.14"]
[SourceQuality "1"]

1. e4 e5 2. Nf3 Nc6 3. Bb5 a6 4. Ba4 Nf6 5. d3 b5 6. Bb3 Be7 7. 0-0 d6 8. h3 0-0 9. Re1 Be6 10. Bxe6 fxe6 11. a3 d5 12. exd5 exd5 13. c3 Bd6 14. Be3 Qe7 15. Nbd2 Nd8 16. Nf1 Ne6 17. Rc1 c5 1/2-1/2

[Event "Lisbon Christmas op"]
[Site "Lisbon"]
[Date "2014.12.28"]
[Round "4"]
[White "Juanes Paniagua, Alberto"]
[Black "Rodriguez Lopez, Evaristo"]
[Result "0-1"]
[WhiteElo "1343"]
[BlackElo "1519"]
[PlyCount "84"]
[EventDate "2014.12.26"]
[EventType "swiss"]
[EventRounds "9"]
[EventCountry "POR"]
[SourceTitle "EXT 2018"]
[Source "ChessBase"]
[SourceDate "2017.10.13"]
[SourceVersion "1"]
[SourceVersionDate "2017.10.13"]
[SourceQuality "1"]

1. d4 Nf6 2. c4 g6 3. Nc3 Bg7 4. e4 d6 5. f3 0-0 6. Nge2 Nbd7 7. Ng3 e5 8. d5 a5 9. h4 Nh5 10. Nxh5 gxh5 11. a4 Nc5 12. Be3 b6 13. Bxc5 bxc5 14. Bd3 Bh6 15. Qc2 Bd7 16. Kf2 Qc8 17. Rag1 f5 18. exf5 Bxf5 19. Bxf5 Qxf5 20. Qxf5 Rxf5 21. Nb5 Rf4 22. g4 Rxc4 23. gxh5+ Kf7 24. b3 Rc2+ 25. Kg3 Rg8+ 26. Kh3 Rxg1 27. Rxg1 Rb2 28. Kg4 Rxb3 29. Nxc7 Rb4+ 30. Kh3 Rxa4 31. Ne6 c4 32. Ng5+ Bxg5 33. hxg5 c3 34. Rc1 Rc4 35. Kg3 a4 36. Rc2 a3 37. Kf2 a2 38. Rxa2 c2 39. Ra7+ Kg8 40. h6 c1Q 41. Rg7+ Kf8 42. g6 Rc2+ 0-1

[Event "Linares FEDC-ch 24th"]
[Site "Linares"]
[Date "2014.11.17"]
[Round "2"]
[White "Juanes Paniagua, Alberto"]
[Black "Miramon Borragan, Gustavo"]
[Result "0-1"]
[WhiteElo "1321"]
[BlackElo "1626"]
[PlyCount "108"]
[EventDate "2014.11.16"]
[EventType "swiss"]
[EventRounds "8"]
[EventCountry "ESP"]
[SourceTitle "CBM 163 Extra"]
[Source "ChessBase"]
[SourceDate "2014.12.23"]
[SourceVersion "1"]
[SourceVersionDate "2014.12.23"]
[SourceQuality "1"]

1. d4 g6 2. e4 Bg7 3. e5 d6 4. f4 a6 5. Be2 Nh6 6. Nf3 c6 7. 0-0 0-0 8. c4 b5 9. Qc2 Nd7 10. a3 Nb6 11. Be3 Bf5 12. Qb3 Be6 13. Nbd2 Ng4 14. Bf2 Nxf2 15. Rxf2 Rb8 16. Qc2 Bh6 17. Ng5 Bf5 18. Bd3 e6 19. Bxf5 exf5 20. b3 dxe5 21. dxe5 Bxg5 22. fxg5 Qxg5 23. Nf3 Qe7 24. cxb5 cxb5 25. b4 Rbc8 26. Qa2 Nc4 27. Re2 Rfd8 28. Rae1 Rc6 29. h4 h6 30. Qb3 Kg7 31. Qc3 Kh7 32. Qb3 Re6 33. a4 Qd7 34. a5 Qd3 35. Qa2 Qc3 36. Qb1 Nd2 37. Nxd2 Rxd2 38. Rxd2 Qxd2 39. g3 Qd4+ 40. Kh2 Rxe5 41. Rxe5 Qxe5 42. Qd3 Qb2+ 43. Kh3 Qxb4 44. Qd7 Qg4+ 45. Kg2 Qe2+ 46. Kg1 Qe6 47. Qa7 b4 48. Qb6 Qc4 49. Qf6 Qe6 50. Qb2 Qe3+ 51. Kg2 b3 52. Kh3 Qe6 53. Kg2 g5 54. h5 Qd5+ 0-1

[Event "Benidorm FEDC op 14th"]
[Site "Benidorm"]
[Date "2014.06.14"]
[Round "7"]
[White "Diez Arce, Pedro"]
[Black "Juanes Paniagua, Alberto"]
[Result "1-0"]
[WhiteElo "1529"]
[BlackElo "1289"]
[PlyCount "85"]
[EventDate "2014.06.08"]
[EventType "swiss"]
[EventRounds "7"]
[EventCountry "ESP"]
[SourceTitle "EXT 2016"]
[Source "ChessBase"]
[SourceDate "2015.10.08"]
[SourceVersion "1"]
[SourceVersionDate "2015.10.08"]
[SourceQuality "1"]

1. e4 e5 2. Nf3 Nc6 3. Bb5 a6 4. Bxc6 dxc6 5. Nxe5 Qd4 6. Nf3 Qxe4+ 7. Qe2 Bf5 8. d3 Qxe2+ 9. Kxe2 Nf6 10. h3 0-0-0 11. Re1 Bc5 12. Kf1 h6 13. Nc3 Rhe8 14. Bd2 g5 15. g4 Bh7 16. Rxe8 Rxe8 17. Re1 Rxe1+ 18. Kxe1 Bg6 19. Ne5 Nd5 20. Nxg6 fxg6 21. Ne4 Ba7 22. c3 Nf4 23. Bxf4 gxf4 24. Ke2 g5 25. d4 c5 26. dxc5 Kd7 27. b4 Ke6 28. Kd3 Ke5 29. Nd2 Kd5 30. c4+ Ke5 31. Nf3+ Kf6 32. Ke4 b6 33. c6 b5 34. c5 Bb8 35. Kd5 Ke7 36. Ke5 Kf7 37. Kf5 Kg7 38. Ke6 Ba7 39. Kd7 Bb8 40. Kc8 Ba7 41. Kb7 a5 42. Kxa7 axb4 43. Kb7 1-0

[Event "Valladolid Piolin op"]
[Site "Valladolid"]
[Date "2013.03.24"]
[Round "3"]
[White "Juanes Paniagua, Alberto"]
[Black "Martin De Aguilera del Amo, Jaim"]
[Result "0-1"]
[WhiteElo "1380"]
[BlackElo "1693"]
[PlyCount "68"]
[EventDate "2013.03.10"]
[EventType "swiss"]
[EventRounds "11"]
[EventCountry "ESP"]
[SourceTitle "EXT 2014"]
[Source "ChessBase"]
[SourceDate "2013.11.20"]
[SourceVersion "1"]
[SourceVersionDate "2013.11.20"]
[SourceQuality "1"]

1. d4 d5 2. c4 Nf6 3. Nf3 e6 4. g3 c5 5. Bg2 Nc6 6. e3 cxd4 7. exd4 Bb4+ 8. Bd2 Qa5 9. a3 dxc4 10. Nc3 Be7 11. 0-0 0-0 12. Qc2 Qd8 13. Be3 Rb8 14. Rfd1 a6 15. Ne5 Nd5 16. Nxc6 bxc6 17. Na4 Qa5 18. Qxc4 Qb5 19. Rdc1 Bd7 20. b4 Qxa4 21. Bf1 Nxe3 22. fxe3 Qb5 23. Qb3 Qb6 24. Rc4 a5 25. Rac1 axb4 26. Bg2 Rfc8 27. e4 bxa3 28. Qxb6 Rxb6 29. Ra4 Kf8 30. Ra7 Ke8 31. d5 cxd5 32. Rd1 Rb2 33. exd5 Bc5+ 34. Kh1 Bxa7 0-1

[Event "Valladolid Once-ch 23rd"]
[Site "Valladolid"]
[Date "2012.11.20"]
[Round "3"]
[White "Juanes Paniagua, Alberto"]
[Black "Berdasco Revilla, Carmelo"]
[Result "0-1"]
[WhiteElo "1409"]
[BlackElo "1618"]
[PlyCount "69"]
[EventDate "2012.11.18"]
[EventType "swiss"]
[EventRounds "8"]
[EventCountry "ESP"]
[SourceTitle "CBM 151 Extra"]
[Source "ChessBase"]
[SourceDate "2012.12.18"]
[SourceVersion "1"]
[SourceVersionDate "2012.12.18"]
[SourceQuality "1"]

1. d4 Nf6 2. c4 e5 3. d5 Bc5 4. e3 0-0 5. Nc3 a6 6. a3 d6 7. Nge2 Bg4 8. Qb3 Qc8 9. h3 Bh5 10. Ng3 Bg6 11. Be2 Nbd7 12. 0-0 Rb8 13. Bd2 Bb6 14. Qd1 Qd8 15. Rc1 Nc5 16. b4 Ncd7 17. Na4 Ba7 18. c5 Nxd5 19. Be1 N7f6 20. Bf3 Ne7 21. cxd6 cxd6 22. Nc3 d5 23. Nh5 Nxh5 24. Bxh5 d4 25. Bxg6 Nxg6 26. exd4 exd4 27. Ne4 f5 28. Nc5 Re8 29. Qd3 Qg5 30. Bd2 f4 31. Kh1 Qe7 32. Nb3 Bb6 33. Bc3 Rbd8 34. Qc4+ Kh8 35. Rc2 0-1

[Event "Benidorm FEDC op 12th"]
[Site "Benidorm"]
[Date "2012.06.18"]
[Round "2"]
[White "Juanes Paniagua, Alberto"]
[Black "Lago Carballo, Carmen"]
[Result "0-1"]
[WhiteElo "1292"]
[BlackElo "1446"]
[PlyCount "46"]
[EventDate "2012.06.17"]
[EventType "swiss"]
[EventRounds "7"]
[EventCountry "ESP"]
[SourceTitle "EXT 2024"]
[Source "ChessBase"]
[SourceDate "2023.10.10"]
[SourceVersion "1"]
[SourceVersionDate "2023.10.10"]
[SourceQuality "1"]

1. d4 d5 2. Nf3 Nf6 3. c4 c6 4. g3 Bf5 5. Bg2 e6 6. 0-0 Nbd7 7. cxd5 cxd5 8. Nc3 a6 9. Re1 Be7 10. Qb3 b5 11. a4 b4 12. Nd1 a5 13. Ne3 Bg6 14. Nh4 Bh5 15. Bd2 Rc8 16. Rac1 0-0 17. Nf3 Bg6 18. Nh4 Ne4 19. Rxc8 Qxc8 20. Nf1 Nxd2 21. Nxd2 Bh5 22. Ndf3 g5 23. Rc1 Qxc1+ 0-1

[Event "Valladolid Social Federado Piolin"]
[Site "Valladolid"]
[Date "2012.05.17"]
[Round "2.4"]
[White "Loza Matovelle, David"]
[Black "Juanes Paniagua, Alberto"]
[Result "1-0"]
[WhiteElo "1981"]
[BlackElo "1292"]
[PlyCount "53"]
[EventDate "2012.05.14"]
[EventType "tourn"]
[EventRounds "17"]
[EventCountry "ESP"]
[SourceTitle "EXT 2024"]
[Source "ChessBase"]
[SourceDate "2023.10.10"]
[SourceVersion "1"]
[SourceVersionDate "2023.10.10"]
[SourceQuality "1"]

1. d4 Nf6 2. Nc3 g6 3. e4 d6 4. Bc4 e6 5. Qe2 Bg7 6. Bg5 0-0 7. e5 d5 8. exf6 Bxf6 9. Bxf6 Qxf6 10. Bd3 Qxd4 11. Nf3 Qb6 12. 0-0 Qxb2 13. Nb5 Nc6 14. Nxc7 Rb8 15. Nb5 a6 16. Nd6 Bd7 17. Rab1 Qxa2 18. Nxb7 Qa3 19. Bxa6 Nb4 20. Ra1 Qc3 21. Rfb1 Nxc2 22. Rc1 Qb4 23. Rab1 Qa4 24. Rxc2 Bc8 25. Rcb2 Bxb7 26. Rxb7 Ra8 27. Bd3 1-0

[Event "Valladolid Social Federado Piolin"]
[Site "Valladolid"]
[Date "2012.05.14"]
[Round "1.7"]
[White "Juanes Paniagua, Alberto"]
[Black "Gago Gonzalves, Jose Fernando"]
[Result "0-1"]
[WhiteElo "1292"]
[BlackElo "1664"]
[PlyCount "71"]
[EventDate "2012.05.14"]
[EventType "tourn"]
[EventRounds "17"]
[EventCountry "ESP"]
[SourceTitle "EXT 2024"]
[Source "ChessBase"]
[SourceDate "2023.10.10"]
[SourceVersion "1"]
[SourceVersionDate "2023.10.10"]
[SourceQuality "1"]

1. d4 d5 2. Nf3 Nf6 3. c4 c6 4. g3 Bf5 5. Bg2 e6 6. 0-0 Be7 7. Re1 Nbd7 8. Qb3 Qb6 9. c5 Qc7 10. Bf4 Qc8 11. Nc3 Nh5 12. Bd6 Bxd6 13. cxd6 0-0 14. e4 dxe4 15. Nxe4 Bxe4 16. Rxe4 Rb8 17. Ne5 Qd8 18. Qc2 Ndf6 19. Rh4 g6 20. Bxc6 Qxd6 21. Bg2 Rfc8 22. Qd3 Rc7 23. f4 Rbc8 24. b3 Rc3 25. Qd2 Rc2 26. Nc4 R8xc4 27. Qe3 Qxd4 28. Qxd4 Rxd4 29. Bxb7 Nd5 30. Bxd5 Rxd5 31. a4 Ng7 32. h3 Nf5 33. Rg4 Ne3 34. Rg5 Rdd2 35. Rf1 Rg2+ 36. Kh1 0-1

[Event "Valladolid op"]
[Site "Valladolid"]
[Date "2012.03.01"]
[Round "3"]
[White "Amigo Roman, Pedro"]
[Black "Juanes Paniagua, Alberto"]
[Result "1-0"]
[WhiteElo "1839"]
[BlackElo "1272"]
[PlyCount "49"]
[EventDate "2012.02.16"]
[EventType "swiss"]
[EventRounds "7"]
[EventCountry "ESP"]
[SourceTitle "EXT 2014"]
[Source "ChessBase"]
[SourceDate "2013.11.20"]
[SourceVersion "1"]
[SourceVersionDate "2013.11.20"]
[SourceQuality "1"]

1. Nf3 e5 2. Nxe5 d5 3. d4 Nf6 4. Bg5 Be7 5. e3 Ne4 6. Bxe7 Qxe7 7. c3 Nd7 8. Nxd7 Bxd7 9. Bd3 f5 10. 0-0 0-0-0 11. Nd2 Kb8 12. Nf3 g5 13. Ne5 Rhf8 14. f3 Nd6 15. Re1 Qg7 16. Qb3 g4 17. fxg4 fxg4 18. Qxd5 g3 19. Nxd7+ Rxd7 20. Qe5 gxh2+ 21. Qxh2 Rdf7 22. Rf1 Rf2 23. Rxf2 Rxf2 24. Kxf2 Qf6+ 25. Qf4 1-0

[Event "Valladolid op"]
[Site "Valladolid"]
[Date "2012.02.23"]
[Round "2"]
[White "Juanes Paniagua, Alberto"]
[Black "Diez Fernandez, Jose Antonio"]
[Result "1-0"]
[WhiteElo "1272"]
[BlackElo "1605"]
[PlyCount "118"]
[EventDate "2012.02.16"]
[EventType "swiss"]
[EventRounds "7"]
[EventCountry "ESP"]
[SourceTitle "EXT 2014"]
[Source "ChessBase"]
[SourceDate "2013.11.20"]
[SourceVersion "1"]
[SourceVersionDate "2013.11.20"]
[SourceQuality "1"]

1. d4 Nf6 2. c4 c6 3. Nf3 d5 4. Qc2 Nbd7 5. Nc3 e6 6. cxd5 exd5 7. g3 Bd6 8. Bg2 0-0 9. 0-0 a6 10. Re1 c5 11. a3 b6 12. Bg5 Bb7 13. e4 dxe4 14. Nxe4 Be7 15. Ne5 Nxe4 16. Bxe4 Bxe4 17. Bxe7 Qxe7 18. Rxe4 Nxe5 19. Rxe5 Qf6 20. Rae1 cxd4 21. Qd3 Rfd8 22. R5e4 g6 23. f4 b5 24. Rxd4 Rxd4 25. Qxd4 Rd8 26. Re8+ Rxe8 27. Qxf6 Re6 28. Qd8+ Kg7 29. Qa5 Kf8 30. b4 Re1+ 31. Kf2 Re6 32. a4 bxa4 33. Qxa4 Kg7 34. Kf3 Kf8 35. g4 h6 36. f5 Rf6 37. Qc2 Kg7 38. h4 gxf5 39. gxf5 Kg8 40. Kf4 Rb6 41. Qc8+ Kg7 42. Qc3+ Kg8 43. Qg3+ Kf8 44. Qc3 Kg8 45. f6 Re6 46. Qg3+ Kf8 47. Qg7+ Ke8 48. Qg8+ Kd7 49. Qxf7+ Kd6 50. Kf5 Re5+ 51. Kg6 h5 52. Qf8+ Ke6 53. Qc8+ Kd5 54. f7 Re6+ 55. Qxe6+ Kd4 56. f8Q a5 57. b5 a4 58. Qff5 a3 59. Qee4+ Kc3 1-0